000 00452nam a2200181Ia 4500
001 4347
005 20260306145749.0
008 260306t2010||||xx |||||||||||||| ||spa||
041 _aESP
082 _a320.985
_bA68
100 _aArce, Moisés
_eAUT
245 0 _aEl fujimorismo y la reforma del mercado en la sociedad peruana
260 _c2010
300 _a234 páginas :
_c20 cm.
650 _aGEN
654 _aCDE
942 _cLIB
_dJUS
_fJUS
_2ddc
_n
999 _c4347
_d4347